000 00578nam a2200205 a 4500
003 BD-DhJNU
005 20260222065835.0
008 200310s2001 ii b 001 0 eng d
020 _a9780143027980
040 _aBD-DhJNU
_bENG
_cBD-DhJNU
_dBD-DhJNU
082 0 0 _223
_a950.072 SAO
100 1 _aSaid, Edward W.
245 1 0 _aOrientalism /
_cEdward W. Said.
260 _aNew Delhi :
_bPenguin Books,
_cc2001.
300 _axi, 396 pages ;
_c25 cm.
504 _aIncludes bibliographical references and index.
650 0 _aOrientalism
650 0 _aImperialism
942 _cBK
999 _c2644
_d2644